Titanic : su historia y clásico final [juego] /

Guardado en:
Formato: Objeto Físico
Publicado: Argentina : Toyco, [199?]
Materias:
Etiquetas: Agregar Etiqueta
Sin Etiquetas, Sea el primero en etiquetar este registro!
LEADER 00732nrm a22001455g 4500
001 CEM.cems019428
008 130507b199?##################0###0#####d
005 20220830181423.0
245 0 0 |a Titanic :  |b su historia y clásico final [juego] /  |c Toyco. 
260 |a Argentina :  |b Toyco,  |c [199?] 
300 |a 1 juego (1 tablero, 1 dado, 4 peones, 1 caja con preguntas-250tarjetas, 4 cartas itinerario, 1 block de notas) ; en caja 26 x 34 x 7 cm. + manual de instrucciones. 
500 |a Para 2 a 4 jugadores o equipos a partir de 18 años objetivo: responder las preguntas para abordar el Titanic y retornar a la entrada. 
082 0 4 |a J793.73 
653 |a 1. juegos de preguntas y respuestas 
859 |a CEMS  |b BIB. CEMS - Ludoteca  |h J793.73  |i T668  |p 192.99  |t Ej.1